000 01587nam a2200253 4500
001 0000010914
005 20250329165434.0
008 180709s2018 000 0 eng d
040 _aCO-CtgCURN
_bspa
_ccoctgcurn
082 0 _aENF 2018
_bH967
100 1 _aHurtado Mendoza, Romario Andres.
245 1 0 _aConocimientos y practicas del personal de enfermeria para el manejo de desechos biologicos en la ese hospital local cartagena de indias, 2018 /
_cRomario Andres Hurtado Mendoza; Mario Antonio Morales Caraballo; Angie Margarita Peña Morales; Maria Camila Torres Polo; Asesor: Leisly Sofia Beleño Pinedo.
260 _aCartagena de Indias :
_bCorporación Universitaria Rafael Núñez,
_c2018.
504 _aTrabajo de grado (Enfermeria). Corporacion Universitaria Rafael Nuñez. Facultad de la Salud. Enfermeria, 2018.
520 _aCuando un trabajador de la salud manipula desechos biologicos incrementa el riesgo de contaminacion, por ello es necesario que dispongan de los conocimientos, para poder efectuar practicas adecuadas.
650 0 _aEnfermeria
_vTesis y disertaciones academicas.
700 1 _aMorales Caraballo, Mario Antonio.
700 1 _aPeña Morales, Angie Margarita.
700 1 _aTorres Polo, Maria Camila.
700 1 _aBeleño Pinedo, Leisly Sofia,
_eAsesor.
856 _uhttps://unicurn.sharepoint.com/:b:/s/biblioteca/EeFQzIyxsXJGruV4zMFQbNEBz7BOg63BjbIN3aYTzmA-_Q?e=VWuqpH
_zClick aqui para ver el recurso en texto completo
942 _2ddc
_cTG
_hENF 2018
_iH967
999 _c4005
_d4005